Hỏi-đáp về thâm canh lúa xuân

Gespeichert in:
Bibliographische Detailangaben
1. Verfasser: Nguyễn Văn Luật
Format: Buch
Sprache:Undetermined
Veröffentlicht: Hà Nội KHKT 1971
Schlagworte:
Tags: Tag hinzufügen
Keine Tags, Fügen Sie den ersten Tag hinzu!
Thư viện lưu trữ: Trung tâm Học liệu Trường Đại học Cần Thơ
LEADER 00511nam a2200169Ia 4500
001 CTU_12901
008 210402s9999 xx 000 0 und d
082 |a 633.18 
082 |b L504h 
100 |a Nguyễn Văn Luật 
245 0 |a Hỏi-đáp về thâm canh lúa xuân 
245 0 |c Nguyễn Văn Luật, Đinh Văn Lữ, Đào Thế Tuấn 
260 |a Hà Nội 
260 |b KHKT 
260 |c 1971 
650 |a rice 
980 |a Trung tâm Học liệu Trường Đại học Cần Thơ